000 01078nam a22002537a 4500
005 20240305165512.0
007 cr|||| ||||
008 180928s2018 br |||||s|||| 00||0 por d
020 _a978-85-361-9629-9
035 _a21956
040 _avLex
090 _c8156
_d8156
100 1 _aRossal de Araújo, Francisco
245 1 1 _aA prescrição e o direito do trabalho
_h[Recurso electrónico] /
_cFrancisco Rossal de Araújo, Rodrigo Coimbra
256 _aServicio en línea
260 _aSan Pablo:
_bLTR,
_c2018
300 _a1 recurso electrónico
506 1 _aDisponible solo en los productos indicados
_dvLex Global
_dvLex Global (Academic Edition, excluding Law Schools)
_dvLex Global (U.S. Academic Edition, Law Schools)
_dvLex Global (U.S. Academic Edition, excluding Law Schools)
_dvLex Global (Academic Edition, Law Schools)
650 0 4 _aDerecho Laboral y Seguridad Social
_zBrasil
700 1 _aCoimbra, Rodrigo
740 0 _avLex Libros (Servicio en línea)
856 4 0 _uhttps://app.vlex.com/#/sources/prescri-o-direito-trabalho-21956
942 _cRAA
999 _c166393
_d166393